| 000 | 01016nac a22002891i 4500 | ||
|---|---|---|---|
| 003 | EG-ScBUE | ||
| 005 | 20240821110836.0 | ||
| 008 | 100913s1975 -cnac f 000 0 eng d | ||
| 020 | _a0770513735 | ||
| 040 |
_aEG-ScBUE _beng _erda _cEG-ScBUE _dEG-ScBUE |
||
| 043 | _an-cn--- | ||
| 082 | 0 | 4 |
_a508.0971 _2BOO _b22 |
| 245 | 0 | 2 |
_aA book of grey Owl : _bpages from the writings of Wa-sha-quon-Asin / _cedited by E. E. Reynolds ; with preface by Lovat Dickson. |
| 264 | 1 |
_aToronto : _bMacmillan of Canada, _c1975. |
|
| 300 |
_axvi, 272 pages : _billustrations, portraits ; _c18 cm. |
||
| 336 |
_2rdacontent _atext _btxt |
||
| 337 |
_aunmediated _2rdamedia _bn |
||
| 338 |
_avolume _bnc _2rdacarrier |
||
| 490 | 0 |
_aLaurentian library ; _v35 |
|
| 600 | 1 | 7 |
_aOwl ,Grey. _2BUEsh |
| 650 | 7 |
_aNatural history _zCanada. _2BUEsh _918815 |
|
| 650 | 7 |
_aIndians of North America _zCanada. _2BUEsh _918818 |
|
| 655 | _vReading book | ||
| 700 | 1 |
_aReynolds, E. E., _eeditor. |
|
| 700 | 1 |
_aDickson, Lovat, _econtributer. |
|
| 942 |
_cBB _2ddc |
||
| 999 |
_c2935 _d2935 |
||